Expanzia tezaurácie zlata ako dôsledok straty dôvery vo svetové meny
Funkcie menového a investičného zlata. Zlato, ako súčasť devízových rezerv. Determinanty znižovania objemu zlatých rezerv centrálnych bánk trhovo rozvinutých ekonomík. Predaj menového zlata ČNB. Vybrané ekonomiky BRICs a ich vplyv na ceny zlata. Analýza cenového vrcholu zlata z roku 1980. Cena zlata...
Saved in:
| Main Author: | |
|---|---|
| Other Authors: | |
| Format: | Book Chapter |
| Language: | Slovak |
| Subjects: | |
| Tags: |
No Tags, Be the first to tag this record!
|
MARC
| LEADER | 00000naa a2200000 4500 | ||
|---|---|---|---|
| 001 | 0185123 | ||
| 005 | 20240502073154.8 | ||
| 041 | 0 | |a slo | |
| 044 | |a SK | ||
| 245 | 1 | 0 | |a Expanzia tezaurácie zlata ako dôsledok straty dôvery vo svetové meny |c Ľuboš Pavelka, Alexander Turan |
| 520 | |a Funkcie menového a investičného zlata. Zlato, ako súčasť devízových rezerv. Determinanty znižovania objemu zlatých rezerv centrálnych bánk trhovo rozvinutých ekonomík. Predaj menového zlata ČNB. Vybrané ekonomiky BRICs a ich vplyv na ceny zlata. Analýza cenového vrcholu zlata z roku 1980. Cena zlata v súčasnosti. Pomer cien ropy a zlata. Vplyv dlhovej krízy na ceny zlata. | ||
| 610 | 2 | 0 | |a zlato |
| 610 | 2 | 0 | |a banky centrálne |
| 610 | 2 | 0 | |a mena |
| 610 | 2 | 0 | |a kríza finančná |
| 610 | 2 | 0 | |a ropa |
| 610 | 2 | 0 | |a rezervy devízové |
| 610 | 2 | 0 | |a politika menová |
| 610 | 2 | 0 | |a expanzia |
| 100 | 1 | |a Pavelka, Ľuboš, 1962- | |
| 700 | 1 | |a Turan, Alexander | |